All Manhattan neighborhoods - Statistics

General Stats
  • This quiz has been taken 139 times
  • The average score is 28 of 86
Answer Stats
Answer % Correct
Harlem
89%
Upper east side
89%
SoHo
87%
Upper west side
87%
Hell's kitchen
82%
Midtown
79%
Chinatown
78%
Lower east side
77%
Little Italy
76%
NoHo
76%
Financial district
75%
Chelsea
73%
Greenwich village
73%
Tribeca
73%
East village
66%
Times square
66%
Washington Heights
65%
West village
65%
East Harlem
64%
Nolita
56%
Meatpacking district
54%
Koreatown
52%
Morningside Heights
49%
Inwood
47%
Murray hill
47%
Two bridges
45%
Battery park city
42%
Kips bay
42%
Diamond district
41%
Garment district
40%
Flatiron district
37%
Hudson Yards
35%
Civic center
33%
Lenox hill
31%
Marble hill
31%
Midtown east
31%
Gramercy park
30%
Roosevelt Island
29%
West Harlem
29%
Yorkville
29%
Turtle bay
28%
Sutton place
26%
Bowery
25%
NoMad
25%
Hamilton Heights
24%
Manhattanville
23%
Stuyvesant town
23%
Theater District
22%
Lincoln square
20%
Union square
20%
Sugar Hill
19%
Carnegie hill
17%
Fort george
17%
Madison Square
17%
Manhattan valley
17%
Hudson heights
16%
Rose hill
15%
Columbus circle
14%
Midtown West
14%
South street seaport
14%
Herald square
13%
Little brazil
12%
Little Germany
10%
Central Harlem
9%
Le petit senegal
8%
Lower Manhattan
8%
Peter cooper village
8%
Rockefeller center
8%
Tudor city
8%
Upper Manhattan
6%
Flower district
5%
Tenderloin
4%
Radio row
3%
Stuyvesant square
3%
Cooperative village
2%
Ellis Island
2%
Five points
2%
Astor row
1%
Brookdale
1%
Little Australia
1%
Little syria
1%
Waterside plaza
1%
Alphabet city and Loisaida
0%
Marcus Gravey park
0%
Randalls and Wards Islands
0%
St Nicholas historic district
0%
No matching quizzes found
Score Distribution
Percent of People with Each Score
Percentile by Number Answered
Your Score History
You have not taken this quiz